| 000 | 00691nam a2200241 i 4500 | ||
|---|---|---|---|
| 001 | bg | ||
| 245 | 7 | 0 |
_aLaboratorium z technologii spieków / _cLech Cedro [i in.]. |
| 250 | _a[Wyd.2]. | ||
| 260 |
_aKielce : _bDział Wydawnictw PŚ, _c1994. |
||
| 300 |
_a63, [3] s. : _brys. ; _c24 cm. |
||
| 490 | 1 |
_aSkrypty. Mechanika, _x0239-6386 ; _v261 |
|
| 504 | _aBibliogr. przy ćwicz. | ||
| 650 | 9 |
_aSpiekanie _xtechnologia |
|
| 650 | 9 | _aMetalurgia proszków | |
| 655 | _aPodręczniki akademickie | ||
| 700 | 1 | _aCEDRO, Lech. | |
| 830 | 0 |
_aSkrypty. _pMechanika |
|
| 040 | _cBPK | ||
| 041 | 0 | _apl | |
| 080 | _a621.762(075.8)(076) | ||
| 942 | _cKS | ||
| 008 | s pl f |000 0 pol | ||
| 999 |
_c6680 _d6680 |
||
| 856 |
_uhttp://koha.tu.koszalin.pl/cgi-bin/koha/opac-detail.pl?biblionumber=6680 _yKatalog online BPK |
||